| 000 | 01094nam a22002537a 4500 | ||
|---|---|---|---|
| 005 | 20240530110522.0 | ||
| 008 | 160220s2013 ua a g b 000 0 ara d | ||
| 017 |
_a2012/19166 _bمصر . دار الكتب المصرية |
||
| 020 | _a9772328901 | ||
| 040 | _aEG-CaGPL | ||
| 082 | 0 | 4 |
_221 _a371.2\ _bم ق |
| 100 | 0 | _aمحمد صبرى حافظ محمود . | |
| 245 | 1 | 2 |
_aالقيادة فى المؤسسات التعليمية / _cمحمد صبرى حافظ محمود ، الحسن بن محمد المغيدى ، السيد السيد محمود البحيرى . |
| 250 | _aط1. | ||
| 260 |
_aالقاهرة : _bعالم الكتب ، _c2013 . |
||
| 300 |
_a335 ص ؛ _c24 سم . |
||
| 504 | _aببليوجرافية : ص 323 - 335 | ||
| 650 | 0 | 4 | _aالادارة التعليمية . |
| 650 | 0 | 4 |
_aالمدارس _xتنظيم و ادارة . |
| 700 | 0 |
_aالحسن بن محمد المغيدى _eمؤلف مشارك . |
|
| 700 | 0 |
_aالسيد السيد محمود البحيرى _eمؤلف مشارك . |
|
| 942 |
_2ddc _cBK |
||
| 999 |
_c61912 _d61912 |
||